| 000 | 01269ngm a22003970a 4500 | ||
|---|---|---|---|
| 001 | PT39942 | ||
| 003 | AR-LpoUNG | ||
| 005 | 20210201235856.0 | ||
| 007 | vd cvaizq | ||
| 008 | 191001s2000||||ag |||||||||||||||||spa d | ||
| 037 | _c$2.65 | ||
| 040 |
_aAR-LpoUNG _bspa _cAR-LpoUNG _eaacr |
||
| 041 | _aspa | ||
| 044 | _aag | ||
| 082 | 0 | _a920.5 661p4r | |
| 100 | 1 |
_aGordillo, Gustavo _edir. |
|
| 245 | 1 | 0 | _aP4R+ Operación Walsh |
| 260 |
_aBuenos Aires : _bMiradas al sur, _c2000. |
||
| 300 | _aDVD (85 min.) : son., byn. | ||
| 505 | 0 | _aHecha en 1999. - Producción: Gabriel Mariotto. - Fotografía: Rubén Canella, Marcelo Osorio. - Dirección arte: Teresa Tsuji. - Montaje: Julio RiveroMontaje | |
| 520 | _aQuienes más cerca de él estuvieron, nos brindan un Rodolfo Walsh distinto: valiente, mujeriego, talentoso, amante del whisky, obsesivo, militante, lleno de dudas... pero fundamentalmente humano. | ||
| 650 | 4 | _aARGENTINA | |
| 650 | 4 | _aBIOGRAFIAS | |
| 650 | 4 | _aDICTADURA | |
| 650 | 4 | _aGOBIERNO MILITAR | |
| 650 | 4 | _aHISTORIA | |
| 650 | 4 | _aPERIODISMO | |
| 650 | 4 | _aPERIODISTAS | |
| 651 | 4 | _aArgentina | |
| 653 | _aCINE ARGENTINO | ||
| 653 | _aDOCUMENTALES | ||
| 653 | _aDVD | ||
| 653 | _aVIDEOS | ||
| 905 | _a39942 | ||
| 942 | _cDVD | ||
| 999 |
_c53668 _d53668 |
||